[Event "Baden-Baden"]
[Site "Baden-Baden"]
[Date "1988.??.??"]
[Round "?"]
[White "Braun, Michael"]
[Black "Rajkovic, Dusan"]
[Result "0-1"]
[WhiteElo "2325"]
[BlackElo "2495"]

1.e4 c5 2.Nf3 Nc6 3.Nc3 g6 4.Bb5 Bg7 5.O-O Nf6 6.Re1 O-O 7.d3 Ne8 8.Bf4 Nc7
9.Bc4 d6 10.a4 Ne6 11.Bg3 Ned4 12.Nd2 a6 13.Ncb1 Ne5 14.Ba2 Rb8 15.f4 Bg4
16.Qc1 Nec6 17.Bf2 Nb4 18.Bb3 Be6 19.Re3 Bxb3 20.c3 Nbc2 21.Nxb3  0-1

[Event "URS-ch otbor56"]
[Site "Barnaul"]
[Date "1988.??.??"]
[Round "?"]
[White "Moroz, Alexander"]
[Black "Vyzmanavin, Alexey"]
[Result "*"]
[WhiteElo "2285"]
[BlackElo "2565"]

1.e4 c5 2.Nf3 Nc6 3.Nc3 e5 4.Bc4 Be7 5.d3 Nf6 6.O-O O-O 7.Nd5 d6 8.Nxe7+ Qxe7
9.Bg5 h6 10.Bh4 Be6 11.h3 Kh8 12.Qd2 Rg8 13.Bxf6 Qxf6 14.Nh2 g5 15.Ng4 Qg6
16.Ne3 f5 17.f3 Rad8 18.c3 a6 19.a4 Rd7 20.Rae1 Qf6 21.Qf2 Ne7 22.Rd1 Ng6
23.d4 cxd4 24.cxd4 exd4 25.Nd5 Bxd5 26.Bxd5 Nf4 27.Bc4 b5 28.axb5 axb5 29.Bxb5 Rb7
30.Ba6 Rb4 31.Rd2 Ra8 32.Bd3 Rab8 33.Rfd1 h5 34.Bf1 Qe5 35.b3 d3 36.Bxd3 Rxb3
37.Bf1 Rb2 38.Qd4 Rxd2 39.Qxe5+ dxe5 40.Rxd2  *

[Event "URS-ch otbor56"]
[Site "Barnaul"]
[Date "1988.??.??"]
[Round "?"]
[White "Yurtaev, Leonid"]
[Black "Dvoirys, Semen I"]
[Result "1-0"]
[WhiteElo "2485"]
[BlackElo "2440"]

1.e4 c5 2.Nf3 Nc6 3.Nc3 g6 4.d4 cxd4 5.Nxd4 Bg7 6.Be3 Nf6 7.Bc4 O-O 8.Bb3 a5
9.a4 d5 10.exd5 Nb4 11.Ndb5 Bf5 12.O-O Ng4 13.Bd4 Qb8 14.g3 Bxd4 15.Nxd4 Bd7
16.Re1 Re8 17.Qd2 Nf6 18.Nf3 Bf5 19.Nd4 Bd7 20.Rad1 Ra6 21.Qg5 Kg7 22.Ncb5 h6
23.Qe5 Qxe5 24.Rxe5 Rb6 25.Rde1 Rd8 26.Nc3 Bh3 27.f3 e6 28.dxe6 Rxd4 29.exf7 Bd7
30.Rxa5 Ra6 31.Rae5 Ra8 32.Nb5 Rd2 33.Nc7 Nxc2 34.Bxc2 Rc8 35.Ne8+ Nxe8 36.Rxe8 Kxf7
37.R1e7+ Kf6 38.Rxd7 Rcxc2 39.Rxd2 Rxd2 40.b4 Rd4 41.Re4 Rd2 42.h4 Rb2 43.g4 h5
44.Kf1 b6 45.b5 Ra2 46.Ke1 g5 47.gxh5 gxh4 48.Rxh4 Kg7 49.h6+ Kh7 50.Kd1 Rf2
51.Rf4  1-0

[Event "GMA-Open"]
[Site "Belgrade"]
[Date "1988.??.??"]
[Round "?"]
[White "Vratonjic, Slobodan"]
[Black "Skembris, Spyridon"]
[Result "1-0"]
[WhiteElo "2360"]
[BlackElo "2425"]

1.e4 c5 2.Nf3 Nc6 3.Nc3 g6 4.d4 cxd4 5.Nxd4 Bg7 6.Nb3 Bxc3+ 7.bxc3 Nf6 8.Bd3 d5
9.exd5 Qxd5 10.O-O Bf5 11.c4 Qd6 12.Bxf5 Qxd1 13.Rxd1 gxf5 14.Bb2 Rc8 15.f4 Nd8
16.Bxf6 exf6 17.c5 Ne6 18.Rd5 O-O 19.g3 b6 20.Rad1 bxc5 21.c4 Rfe8 22.R1d2 Re7
23.Rxf5 a5 24.Rdd5 Kg7 25.Nxc5 Rec7 26.Ne4 Rxc4 27.Nxf6 Rc1+ 28.Kg2 R8c2+
29.Kh3 Rh1 30.Nh5+ Kg8 31.Rxa5 Rhxh2+ 32.Kg4 Rxa2 33.Rfb5 Rxa5 34.Rxa5 h6
35.Ra8+ Kh7 36.Ra7 Kg8 37.Nf6+ Kf8 38.Kf5 Ng7+ 39.Ke4 Rd2 40.Ra8+ Ke7 41.Ng8+ Kd7
42.Ra7+ Ke8 43.Nxh6 Re2+ 44.Kf3 Re7 45.Ra8+ Kd7 46.Kg4 Kd6 47.Rg8 f6 48.Nf5+ Nxf5
49.Kxf5 Rf7 50.Kg6 Ke7 51.Rg7 Rxg7+ 52.Kxg7 Ke6 53.Kg6  1-0

[Event "GMA-Open"]
[Site "Belgrade"]
[Date "1988.??.??"]
[Round "?"]
[White "Vratonjic, Slobodan"]
[Black "Gostisa, Leon"]
[Result "1-0"]
[WhiteElo "2360"]
[BlackElo "2415"]

1.e4 c5 2.Nf3 Nc6 3.Nc3 d6 4.d4 cxd4 5.Nxd4 e6 6.g3 Nf6 7.Bg2 Bd7 8.O-O a6
9.a4 Be7 10.Re1 Qc7 11.Nxc6 bxc6 12.a5 Rb8 13.b3 O-O 14.Be3 c5 15.Na4 Bc6
16.Qd3 Qb7 17.Bf4 Rbd8 18.Nb6 Nh5 19.Bd2 f5 20.Qc4 Rf6 21.Bg5 fxe4 22.Bxf6 Bxf6
23.Qxe6+ Kh8 24.Rad1 Bc3 25.Rxd6 Re8 26.Rxe4 Nf6 27.Qxe8+ Bxe8 28.Rxf6  1-0

[Event "GMA-Open"]
[Site "Belgrade"]
[Date "1988.??.??"]
[Round "?"]
[White "Marinkovic, Ivan"]
[Black "Kosten, Anthony C"]
[Result "1/2-1/2"]
[WhiteElo "2420"]
[BlackElo "2515"]

1.e4 c5 2.Nf3 Nc6 3.Nc3 d6 4.d4 cxd4 5.Nxd4 Nf6 6.g3 e5 7.Nde2 Be7 8.Bg2 O-O
9.O-O Be6 10.Nd5 Bxd5 11.exd5 Nb8 12.c4 Nfd7 13.Be3 a5 14.Rb1 Na6 15.Qd2 Rc8
16.b3 g6 17.Nc3  1/2-1/2

[Event "GMA-Open"]
[Site "Belgrade"]
[Date "1988.??.??"]
[Round "?"]
[White "Marinkovic, Ivan"]
[Black "Makarichev, Sergey"]
[Result "0-1"]
[WhiteElo "2420"]
[BlackElo "2500"]

1.e4 c5 2.Nf3 Nc6 3.Nc3 d6 4.d4 cxd4 5.Nxd4 Nf6 6.g3 Nxd4 7.Qxd4 g6 8.Bg2 Bg7
9.O-O O-O 10.h3 Qa5 11.Qd3 Be6 12.Bd2 Qc5 13.Rfd1 Nd7 14.Be3 Qc8 15.Nd5 Bxd5
16.Qxd5 Bxb2 17.Rab1 Bf6 18.Qxb7 Ne5 19.f4 Nc4 20.Bf2 Qxb7 21.Rxb7 a5 22.Bd4 Rab8
23.Ra7 Rb1  0-1

[Event "GMA-Open"]
[Site "Belgrade"]
[Date "1988.??.??"]
[Round "?"]
[White "Apicella, Manuel"]
[Black "Renet, Olivier"]
[Result "1/2-1/2"]
[WhiteElo "2370"]
[BlackElo "2440"]

1.e4 c5 2.Nf3 Nc6 3.Nc3 g6 4.d4 cxd4 5.Nxd4 Bg7 6.Be3 Nf6 7.Bc4 O-O 8.Bb3 a5
9.a4 Ng4 10.Nxc6 dxc6 11.Qxd8 Rxd8 12.Bb6 Re8 13.h3 Nf6 14.O-O e5 15.Rad1 Bh6
16.Kh2 Nd7 17.Be3 Bf8 18.Bc4 Nc5 19.Rd2 Be6 20.Bxe6 Nxe6 21.Rd7 Reb8 22.Rfd1 Bc5
23.Bxc5 Nxc5 24.R7d6 Kf8 25.b3 Ke7 26.R6d2 Rd8 27.f3 Rxd2 28.Rxd2 Rd8 29.Rxd8 Kxd8
30.Kg3 Kc7 31.Kf2 Ne6 32.Ne2 Kd6 33.Ke3 Kc5 34.Nc1 Nf4 35.g3 Nxh3 36.Nd3+ Kd6
37.c4 c5 38.f4 f6 39.Kf3 exf4 40.gxf4 g5 41.e5+ fxe5 42.fxe5+ Kc6 43.Kg4 Nf4
44.Nf2 Ne6 45.Ne4 b6 46.Kf5 Kd7 47.Nf6+ Ke7 48.Nxh7 Nd4+ 49.Kxg5 Nxb3 50.Kf5 Nd2
51.Nf6 Nxc4 52.Nd5+ Kd7 53.Kf6 Kc6 54.Ne7+ Kb7 55.Nd5 Kc6 56.Ne7+ Kb7 57.Nd5  1/2-1/2

[Event "GMA-Open"]
[Site "Belgrade"]
[Date "1988.??.??"]
[Round "?"]
[White "Grimberg, Gilbert"]
[Black "Akopian, Vladimir"]
[Result "1-0"]
[WhiteElo "2320"]
[BlackElo "2455"]

1.e4 c5 2.Nf3 Nc6 3.Nc3 Nf6 4.Bb5 Qc7 5.O-O e6 6.Re1 d6 7.d3 a6 8.Bxc6+ Qxc6
9.e5 Nd7 10.Bf4 dxe5 11.Nxe5 Nxe5 12.Bxe5 b6 13.Qh5 Bb7 14.Re4 h6 15.Rae1 g6
16.Qh3 Rh7 17.d4 Qd7 18.dxc5 Bxc5 19.Rd1 Qxd1+ 20.Nxd1 Bxe4 21.Bf6 Bb7 22.Qg3 Rc8
23.h4 Be7 24.Bc3 g5 25.Ne3 f6 26.Qg4 Kf7 27.Qh5+ Kg7 28.hxg5 hxg5 29.Qxg5+ Kf7
30.Qf4 a5 31.Bxf6 Ke8 32.Bxe7 Kxe7 33.Qg5+ Kd6 34.Qb5 Bd5 35.Qxb6+ Ke5 36.Nxd5 exd5
37.Qe3+ Kd6 38.Qf4+ Kc6 39.Qa4+ Kd6 40.Qa3+ Ke6 41.Qe3+ Kd6 42.Qg3+ Kd7 43.Qg5 Rch8
44.Qxd5+ Ke7 45.g3 Rh5 46.Qb7+ Ke6 47.c4 Re5 48.a3  1-0

[Event "GMA-Open"]
[Site "Belgrade"]
[Date "1988.??.??"]
[Round "?"]
[White "Gruenfeld, Yehuda"]
[Black "Nikolic, Nebojsa"]
[Result "1-0"]
[WhiteElo "2520"]
[BlackElo "2375"]

1.e4 c5 2.Nf3 Nc6 3.Nc3 g6 4.d4 cxd4 5.Nxd4 Bg7 6.Be3 Nf6 7.Bc4 O-O 8.O-O d6
9.h3 Bd7 10.Bb3 Qa5 11.Re1 Rfe8 12.f4 Nxd4 13.Bxd4 e5 14.fxe5 dxe5 15.Be3 Be6
16.Qf3 a6 17.Rf1 Qc7 18.Rf2 b5 19.Bg5 Nh5 20.Nd5 Qb7 21.c3 h6 22.Be3 Rad8
23.Raf1 Kh7 24.g4 Nf4 25.Bxf4 exf4 26.Qxf4 Rd7 27.a3 Qa7 28.Rd1 Bxd5 29.Bxd5 Ree7
30.Kg2 Be5 31.Qf3 Kg7 32.h4 Qb6 33.Rff1 f6 34.g5 Rd6 35.h5 gxh5 36.Qxh5 Qe3
37.Qxh6+  1-0

[Event "GMA-Open"]
[Site "Belgrade"]
[Date "1988.??.??"]
[Round "?"]
[White "Kosanski, Stanko"]
[Black "Makarichev, Sergey"]
[Result "1/2-1/2"]
[WhiteElo "2390"]
[BlackElo "2500"]

1.e4 c5 2.Nf3 Nc6 3.Nc3 d6 4.g3 e5 5.Bg2 g6 6.d3 Bg7 7.Be3 Nge7 8.Qd2 Nd4
9.O-O O-O 10.Bh6 Bxh6 11.Qxh6 f6 12.Qd2 Be6 13.Nxd4 cxd4 14.Nd5 Bxd5 15.exd5 Rc8
16.f4 Qb6 17.Bh3 Rc7 18.Be6+ Kg7 19.Rf2 Qxb2 20.Raf1 Nf5 21.Bxf5 gxf5 22.fxe5 dxe5
23.Qd1 Qb6 24.Rxf5 Qd6 25.Qg4+ Kh8 26.R1f2 Rcf7 27.Qe4 Kg8 28.g4 Rd7 29.g5 Qxd5
30.gxf6 Qxe4 31.dxe4 Rd6 32.h4 Re6 33.Kg2 Kf7 34.Kg3 Rg8+ 35.Rg5 Rg6 36.Rf5 Rgxf6
37.Rxe5 Rxe5 38.Rxe5 Rc6 39.Rd5 Ke6 40.Rxd4 Rxc2 41.a4 b6 42.Rd5 Rc5 43.Rd4 Rc7
44.Kf4 Rf7+ 45.Ke3 Rf1 46.Rd5 Re1+  1/2-1/2

[Event "Berlin op"]
[Site "Berlin-West"]
[Date "1988.??.??"]
[Round "7"]
[White "Meszaros, Andras"]
[Black "Tangborn, Eric"]
[Result "0-1"]
[WhiteElo "2430"]
[BlackElo "2350"]

1.e4 c5 2.Nf3 Nc6 3.Nc3 g6 4.Bc4 Bg7 5.O-O a6 6.Re1 b5 7.Bf1 d6 8.h3 Bb7
9.a4 b4 10.Nd5 e6 11.Ne3 Nge7 12.d3 O-O 13.Ng4 Nd4 14.c3 bxc3 15.bxc3 Nxf3+
16.Qxf3 f5 17.Nh6+ Kh8 18.Bd2 Qd7 19.Qg3 Nc6 20.Rab1 Rab8 21.Rb6 Be5 22.Qh4 Bf6
23.Qg3 Be5 24.Bf4 Bxf4 25.Qxf4 Ba8 26.Rxb8 Nxb8 27.d4 cxd4 28.cxd4 Nc6 29.exf5 gxf5
30.d5 Ne5 31.Ng4 Ng6 32.dxe6 Qg7 33.Qxd6 fxg4 34.hxg4 Qf6 35.Qc5 Ne7 36.g5 Qf4
37.Re2 Re8 38.Qc3+ Kg8 39.Qf6 Nd5 40.Qh6 Qf5 41.Qh5 Rxe6 42.Rb2 Bc6 43.Rb8+ Kg7
44.Qh4 Qf4 45.Qxf4 Nxf4 46.Bxa6 Bxg2 47.Bc4 Bd5 48.Bxd5 Nxd5 49.Kg2 Ra6 50.Re8 Rxa4
51.Kg3 Rd4 52.Rd8 Rd3+ 53.f3 Nf4 54.Rxd3 Nxd3 55.f4 Kg6 56.Kg4 Nf2+ 57.Kh4 Ne4
58.Kg4 Nd6 59.Kh4 Nf5+  0-1

[Event "Bern"]
[Site "Bern"]
[Date "1988.??.??"]
[Round "?"]
[White "Gobet, Fernand"]
[Black "Wirthensohn, Heinz"]
[Result "1/2-1/2"]
[WhiteElo "2350"]
[BlackElo "2425"]

1.e4 c5 2.Nf3 Nc6 3.Nc3 e5 4.Bc4 d6 5.d3 Be7 6.O-O Nf6 7.Ng5 O-O 8.f4 exf4
9.Bxf4 h6 10.Nf3 Be6 11.Qd2 Kh7 12.Rae1 d5 13.exd5 Nxd5 14.Bxd5 Bxd5 15.Ne5 Bf6
16.Nxd5 Bxe5 17.c4 Bd4+ 18.Kh1 Rc8 19.Rf3 Re8 20.Bxh6 Rxe1+ 21.Qxe1 gxh6
22.Rxf7+ Kh8 23.Qe6 Bg7 24.Nf6 Bxf6 25.Rxf6 Rc7 26.Qf5 Kg8 27.Qe6+ Kh8 28.Qf5 Kg8
29.Rg6+ Rg7 30.Qe6+ Kh8 31.Rxh6+ Rh7 32.h4 Rxh6 33.Qxh6+ Kg8 34.Qg6+ Kh8
35.Qh6+ Kg8 36.Qg6+ Kh8 37.g3 Qe7 38.Qh6+ Kg8 39.Qg6+ Kh8 40.Qh6+ Kg8 41.Qg6+  1/2-1/2

[Event "Bern op"]
[Site "Bern"]
[Date "1988.??.??"]
[Round "?"]
[White "Ekstroem, Roland"]
[Black "Cvitan, Ognjen"]
[Result "0-1"]
[WhiteElo "2430"]
[BlackElo "2520"]

1.e4 c5 2.Nc3 Nc6 3.Nge2 g6 4.d4 cxd4 5.Nxd4 Bg7 6.Be3 Nf6 7.Be2 O-O 8.Qd2 d5
9.exd5 Nxd5 10.Nxd5 Qxd5 11.Bf3 Qc4 12.Be2 Qd5 13.Bf3 Qe5 14.Nxc6 bxc6 15.Bxc6 Ba6
16.c3 Rfd8 17.Qc1 Rac8 18.f4 Qa5 19.Bf3 Bxc3+ 20.bxc3 Rxc3 21.Kf2 Rdd3 22.Qb2 Rxe3
23.Rhe1 Qc5 24.Kg3 e5 25.Qb8+ Kg7 26.fxe5 Be2 27.e6 Rxf3+ 28.gxf3 Rxf3+ 29.Kg2 Rf2+
30.Kh3 Qh5+  0-1

[Event "Biel-B"]
[Site "Biel"]
[Date "1988.??.??"]
[Round "8"]
[White "Franzoni, Giancarlo"]
[Black "Zapata, Alonso"]
[Result "0-1"]
[WhiteElo "2435"]
[BlackElo "2480"]

1.e4 c5 2.Nc3 Nc6 3.Nge2 e6 4.g3 d5 5.exd5 exd5 6.Bg2 d4 7.Nd5 Nf6 8.Nef4 Bd6
9.Qe2+ Ne5 10.Nxf6+ Qxf6 11.Qb5+ Kf8 12.O-O g5 13.Nd5 Nf3+ 14.Kh1 Qf5 15.Qe2 g4
16.d3 h5 17.Bf4 Qxd5 18.Qe4 Qxe4  0-1

[Event "ARG-ch"]
[Site "Buenos Aires"]
[Date "1988.??.??"]
[Round "?"]
[White "Gomez Baillo, Jorge H"]
[Black "Schwanek, Carlos"]
[Result "1/2-1/2"]
[WhiteElo "2405"]
[BlackElo "2315"]

1.e4 c5 2.Nf3 Nc6 3.Nc3 g6 4.d4 cxd4 5.Nxd4 Bg7 6.Nb3 Bxc3+ 7.bxc3 Nf6 8.f3 d5
9.exd5 Qxd5 10.Qxd5 Nxd5 11.Bd2 O-O 12.O-O-O Nb6 13.Nc5 Kg7 14.Bb5 a6 15.Bxc6  1/2-1/2

[Event "BUL-ch"]
[Site "BUL"]
[Date "1988.??.??"]
[Round "?"]
[White "Georgiev, Kiril"]
[Black "Spasov, Vasil"]
[Result "1-0"]
[WhiteElo "2595"]
[BlackElo "2375"]

1.e4 c5 2.Nf3 Nc6 3.Nc3 Nf6 4.e5 Ng4 5.Qe2 Qc7 6.Nd5 Qb8 7.d4 cxd4 8.Bf4 e6
9.h3 Nh6 10.Bxh6 exd5 11.Bf4 Bb4+ 12.Bd2 Be7 13.O-O-O O-O 14.Bf4 d6 15.exd6 Bxd6
16.Bxd6 Qxd6 17.Nxd4 Be6 18.Kb1 Rfe8 19.Qd2 Rac8 20.Bb5 a6 21.Ba4 Nxd4 22.Bxe8 Nxc2
23.Ba4 Nb4 24.Rc1 Nc6 25.Rhd1 h6 26.g4 b5 27.Bb3 Rd8 28.Qc3 Rc8 29.Qc5 Qe5
30.Qe3 Qd6 31.Qc5 Qe5 32.Re1 Qf6 33.Qb6 Ne7 34.Rxc8+ Nxc8 35.Qc5 Nb6 36.f4 Nc4
37.Bxc4 dxc4 38.f5 Bd7 39.a3 Bc6 40.Ka2 a5 41.Rd1 Be8 42.Qc7  1-0

[Event "Caorle op"]
[Site "Caorle"]
[Date "1988.??.??"]
[Round "1"]
[White "Mora, Federico"]
[Black "Pasqualin, Giorgio"]
[Result "1/2-1/2"]
[WhiteElo "2010"]
[BlackElo "2060"]

1.e4 c5 2.Nf3 Nc6 3.Nc3 d6 4.d4 cxd4 5.Nxd4 Nf6 6.f4 g6 7.Be2 Bg7 8.Be3 O-O
9.O-O Bd7 10.Nb3 a6 11.a4 Na5  1/2-1/2

[Event "Caorle op"]
[Site "Caorle"]
[Date "1988.??.??"]
[Round "2"]
[White "Samaritani, Fabio"]
[Black "Stefanelli, Luca"]
[Result "1-0"]
[WhiteElo "2020"]
[BlackElo "1970"]

1.e4 c5 2.Nf3 Nc6 3.Nc3 e5 4.Bc4 d6 5.d3 Be7 6.Nd5 Bg4 7.c3 Nf6 8.Qb3 Qd7
9.Ng5 O-O 10.Ne3 Bh5 11.Ne6 Rfb8 12.Nxg7 Kxg7 13.Nf5+ Kh8 14.Bxf7 Na5 15.Qe6 Qxe6
16.Bxe6 Bg4 17.Bh6 Bxf5 18.exf5 Nc6 19.f3 Nd8 20.Bb3 a5 21.a3 b5 22.h4 c4
23.Bc2 cxd3 24.Bxd3 b4 25.Rh3 bxc3 26.bxc3 Nf7 27.Bd2 Rc8 28.g4 Rab8 29.g5 Nh5
30.f6 Nxf6 31.gxf6 Bxf6 32.Bf5 Rc7 33.Rb1 Rxb1+ 34.Bxb1 Rb7 35.Ba2 Nd8 36.Bd5 Rg7
37.Kf2 Nb7 38.c4 a4 39.Bh6 Rc7 40.Ke3 Nc5 41.Rg3 Rc8 42.h5 Rb8 43.Ke2 Rb2+
44.Kf1 Rb8 45.Ke2 Rb2+ 46.Kd1 Rb8 47.Bd2 Nd3 48.Kc2 Nf4 49.Bxf4 exf4 50.Rg4 Bg7
51.Rxf4 Rb2+ 52.Kd1 Rb1+ 53.Ke2 Rb2+ 54.Kd1 Rb1+ 55.Ke2 Rb2+ 56.Kf1 Rb1+
57.Kg2 Ra1 58.Re4 Bh6 59.Rg4 Ra2+ 60.Kh3  1-0

[Event "Caorle op"]
[Site "Caorle"]
[Date "1988.??.??"]
[Round "4"]
[White "Samaritani, Fabio"]
[Black "Mufic, Goran"]
[Result "1/2-1/2"]
[WhiteElo "2020"]
[BlackElo "2290"]

1.e4 c5 2.Nf3 Nc6 3.Nc3 g6 4.g3 Bg7 5.Bg2 e6 6.O-O Nge7 7.Ne2 d5 8.exd5 Nxd5
9.d4 cxd4 10.Nexd4 Nde7 11.Nxc6 Qxd1 12.Rxd1 Nxc6 13.c3 O-O 14.Be3 e5  1/2-1/2

[Event "Copenhagen op"]
[Site "Copenhagen"]
[Date "1988.??.??"]
[Round "?"]
[White "Iskov, Gert"]
[Black "Nilsson, Nils Specht"]
[Result "1/2-1/2"]
[WhiteElo "2345"]
[BlackElo "2230"]

1.e4 c5 2.Nc3 Nc6 3.Nge2 e6 4.g3 Nge7 5.Bg2 Nd4 6.O-O Nec6 7.d3 d6 8.f4 g6
9.Be3 Bg7 10.Qd2 O-O 11.g4 Nxe2+ 12.Qxe2 Nd4 13.Qf2 f5 14.exf5 exf5 15.g5 Be6
16.Nd5 Nc6 17.Rae1 Qd7 18.c3 Rae8 19.Re2 Ne7  1/2-1/2

[Event "Dieren op"]
[Site "Dieren"]
[Date "1988.??.??"]
[Round "9"]
[White "Rogers, Ian"]
[Black "Hoeksema, Hendrik Pieter"]
[Result "1/2-1/2"]
[WhiteElo "2535"]
[BlackElo "2355"]

1.e4 c5 2.Nf3 Nc6 3.Nc3 g6 4.d4 cxd4 5.Nxd4 Bg7 6.Be3 Nf6 7.Bc4 O-O 8.Bb3 a5
9.a3 Ng4 10.Nxc6 Nxe3 11.Nxd8 Nxd1 12.Nxd1 Rxd8 13.c3 b5 14.Ne3 Rb8 15.Nc2 Bb7
16.f3 d5 17.exd5 Bxd5 18.Bxd5 Rxd5 19.Rd1 Rbd8 20.Ke2 Re5+ 21.Kf2 Red5 22.Ke2 Re5+
23.Kf2 Red5 24.Rxd5 Rxd5 25.Ke2 Re5+ 26.Kf2 Rd5 27.Re1 Kf8 28.Ne3 Rd2+ 29.Re2 Rd3
30.Rc2 Bh6 31.Ng4 Bf4 32.g3 Bd6 33.Ke2 Rd5 34.f4 Ke8 35.Ne3 Rh5 36.h4 Rc5
37.Rd2 Kd7 38.Kf3 Kc6 39.Rd3 Kd7 40.Rd4 Kc6 41.Rd3 Kd7 42.b3 Ke6 43.b4 axb4
44.axb4 Rc7 45.Nc2 Rb7 46.Nd4+ Kd7 47.Kg4 f6 48.f5 Rb8 49.Kf3 gxf5 50.Nxf5 Rb6
51.Kg4 e6 52.Nd4 e5 53.Nf5 Ke6 54.Ng7+ Kf7 55.Nf5 Ke6 56.h5 Rc6 57.Ng7+ Kf7
58.Nf5 Ke6 59.Ng7+ Kf7 60.Nf5  1/2-1/2

[Event "Dieren op"]
[Site "Dieren"]
[Date "1988.??.??"]
[Round "9"]
[White "Adler, Joel"]
[Black "Bottema, Tom"]
[Result "1/2-1/2"]
[WhiteElo "2295"]
[BlackElo "2240"]

1.e4 c5 2.Nc3 Nc6 3.Nge2 d6 4.d4 cxd4 5.Nxd4 e6 6.g3 Nf6 7.Bg2 Bd7 8.O-O Be7
9.Re1 O-O 10.a4 Nxd4 11.Qxd4 Bc6 12.h3 a6 13.a5 Qc7 14.Be3 Nd7 15.Qd2 b5
16.axb6 Nxb6 17.Qe2 Bb7 18.Na4 Nxa4 19.Rxa4 Rfc8 20.c3 a5 21.Bd4  1/2-1/2

[Event "Dieren op"]
[Site "Dieren"]
[Date "1988.??.??"]
[Round "9"]
[White "Thesing, Matthias"]
[Black "Booij, Johan"]
[Result "1-0"]
[WhiteElo "2345"]
[BlackElo "2295"]

1.e4 c5 2.Nc3 Nc6 3.Nge2 g6 4.d4 cxd4 5.Nxd4 Bg7 6.Be3 Nf6 7.Bc4 O-O 8.Bb3 Qa5
9.O-O d6 10.Nd5 Re8 11.Nxf6+ Bxf6 12.c3 Ne5 13.h3 Qa6 14.Bh6 Qd3 15.Qe1 Bd7
16.Rd1 Qa6 17.f4 Nc4 18.Qf2 Bb5 19.a4 Bd7 20.e5 dxe5 21.Bxc4 Qxc4 22.fxe5 Bxe5
23.b3 Qxc3 24.Qxf7+ Kh8 25.Nf3 Bf5 26.Rc1 Qb2 27.Rf2 Bd4 28.Nxd4 Qxd4 29.Rc4 Qf6
30.Qd5 Qe6 31.Qd4+ Qf6 32.Qe3 Qd6 33.Bf4 Qd3 34.Be5+ Kg8 35.Qh6 Kf7 36.Qg7+ Ke6
37.Bc3 Qd1+ 38.Kh2 Qd6+ 39.g3 Rg8 40.Qh6 Kf7 41.Qxh7+ Ke6 42.Re2+  1-0

[Event "Dornbirn op"]
[Site "Dornbirn"]
[Date "1988.??.??"]
[Round "?"]
[White "Feistenauer, Fred"]
[Black "Titz, Heimo"]
[Result "1/2-1/2"]
[WhiteElo "2300"]
[BlackElo "2260"]

1.e4 c5 2.Nf3 Nc6 3.Nc3 d6 4.d4 cxd4 5.Nxd4 Nf6 6.Bg5 e6 7.Qd2 a6 8.O-O-O h6
9.Bxf6 Qxf6 10.Nb3 Qd8 11.f4 Be7 12.Kb1 Qc7 13.g4 g5 14.e5 dxe5 15.fxg5 hxg5
16.Ne4 Rg8 17.h4 gxh4 18.g5 Bd7 19.Rxh4 O-O-O 20.Bd3 Kb8 21.Rf1 Rg7 22.Nf6 Bc8
23.Rfh1 Qb6 24.Qc1 Nb4 25.Be4 Nd5 26.Bxd5 exd5 27.Rh6 Be6 28.Rh8 Rxh8 29.Rxh8+ Ka7
30.Rh1 Bxf6 31.gxf6 Rg2 32.Rf1 Rf2 33.Qe1 Rxf1 34.Qxf1 d4 35.Nc1 Bd5 36.b3 Qc6
37.Nd3 Be4 38.Ne1 Bg6 39.Qf2 b6 40.Nd3 Qh1+ 41.Kb2 Bxd3 42.cxd3 Qd5 43.Qf5 Kb7
44.a4 b5 45.axb5 axb5 46.Qf1 Kb6 47.Qf5 Ka5 48.Qf1 Qc6 49.Qe1+ Kb6 50.Qxe5 Qc3+
51.Ka2 Ka5 52.Qe7 Qc2+ 53.Ka3 Qc1+ 54.Ka2 Qd2+ 55.Ka1 Qc3+ 56.Ka2  1/2-1/2

[Event "Dortmund op"]
[Site "Dortmund"]
[Date "1988.??.??"]
[Round "?"]
[White "Ristic, Nenad"]
[Black "Kirov, Nino"]
[Result "1/2-1/2"]
[WhiteElo "2395"]
[BlackElo "2470"]

1.e4 c5 2.Nf3 Nc6 3.Nc3 e6 4.Bb5 Nge7 5.O-O a6 6.Bxc6 Nxc6 7.d4 cxd4 8.Nxd4 Be7
9.Nxc6 dxc6 10.Qg4 O-O 11.e5 f5 12.exf6 Bxf6 13.Ne4 e5 14.Qe2 Bf5 15.Rd1 Qc7
16.Be3 Bxe4 17.Qc4+ Bd5 18.Rxd5 Qf7 19.Rc5 Rad8 20.Qg4 Rd5 21.b3 Rfd8 22.h3 Qd7
23.Qe4 Rxc5 24.Bxc5 Qd5 25.Qb4 Rd7 26.Re1 Qd2 27.Qc4+ Qd5 28.Qg4 Qf7 29.c4 Qe8
30.f4 e4 31.Rxe4 Qxe4 32.Qxd7 h6 33.Qd2 h5 34.Qe3 Qf5 35.Kh2 Kf7 36.Bd4 Bxd4
37.Qxd4 h4 38.Qd2 Qe6 39.Kg1 Kg6 40.Qd3+ Qf5 41.Qd6+ Qf6 42.Qxf6+ gxf6 43.Kf2 c5
44.f5+ Kxf5 45.g3 hxg3+ 46.Kxg3 Ke4 47.h4 f5 48.h5 Ke3 49.Kg2 Ke2 50.h6 f4
51.h7 f3+ 52.Kg3 f2 53.h8=Q f1=Q 54.Qe5+ Kd3 55.Qxc5 Qe1+ 56.Kf4 Qe4+ 57.Kg5 Kc3
58.Kf6 Qc6+ 59.Qxc6 bxc6 60.Ke5 a5 61.Kd6 Kb2 62.Ke5  1/2-1/2

[Event "Dortmund op"]
[Site "Dortmund"]
[Date "1988.??.??"]
[Round "?"]
[White "Zupe, Miran"]
[Black "Nun, Jiri"]
[Result "1/2-1/2"]
[WhiteElo "2305"]
[BlackElo "2470"]

1.e4 c5 2.Nf3 Nc6 3.Nc3 Nf6 4.d4 cxd4 5.Nxd4 e5 6.Ndb5 d6 7.Bg5 a6 8.Na3 b5
9.Nd5 Be7 10.Bxf6 Bxf6 11.c3 Ne7 12.Nc2 Bb7 13.Nce3 Nxd5 14.Nxd5 O-O 15.g3 Rc8
16.Bg2 Bxd5 17.Qxd5 Qb6 18.O-O  1/2-1/2

[Event "DSV-Turnier"]
[Site "Dresden"]
[Date "1988.??.??"]
[Round "?"]
[White "Kuczynski, Robert"]
[Black "Dautov, Rustem"]
[Result "1/2-1/2"]
[WhiteElo "2460"]
[BlackElo "2525"]

1.e4 c5 2.Nf3 Nc6 3.Nc3 d6 4.d4 cxd4 5.Nxd4 Nf6 6.Bc4 e6 7.Be3 a6 8.Qe2 Na5
9.Bd3 b5 10.b4 Nc4 11.Bxc4 bxc4 12.Qxc4 Bb7 13.Rd1 Rc8 14.Qb3 Qc7 15.Qa4+ Qd7
16.Qxd7+ Nxd7 17.Nde2 Nf6 18.f3 d5 19.e5 Nd7 20.Bd4 Bxb4 21.Rb1 Rc4 22.Kf2 Ba8
23.Na4 Ba5 24.Nb6 Bxb6 25.Bxb6 Rxc2 26.Bd4 Ke7 27.Rhc1 Rhc8 28.Ke3 Kd8 29.Rxc2 Rxc2
30.Rb2 Rc4 31.Nf4 Ke7 32.Nd3 Bc6 33.Rb4 Bb5 34.Rxc4 Bxc4 35.Nb4 Kd8 36.a4 f6
37.f4 Ke7 38.Nc6+ Ke8 39.g3 Bb3 40.Nb4 Bc4 41.Nc6 Bb3 42.Nb4 fxe5 43.fxe5 Bc4
44.Nc6 Nf8 45.Na5 Kf7 46.Nb7 Ng6 47.Nc5 Ke7 48.Nb7 Ke8 49.Nc5 Nf8 50.Bc3 Kf7
51.h4 h6 52.Bb2 Ng6 53.Nb7 Bb3 54.Nc5  1/2-1/2

[Event "Frankfurt"]
[Site "Frankfurt"]
[Date "1988.??.??"]
[Round "3"]
[White "Degenhardt, Horst"]
[Black "Kertesz, Alfred"]
[Result "0-1"]
[WhiteElo "2270"]
[BlackElo "2335"]

1.e4 c5 2.Nf3 Nc6 3.Nc3 Nf6 4.Bb5 Nd4 5.a4 a6 6.Bc4 d6 7.Nxd4 cxd4 8.Ne2 Nxe4
9.Nxd4 d5 10.Be2 Qb6 11.c3 e5 12.Qb3 Qg6 13.Nf3 Nc5 14.Qd1 e4 15.Nh4 Qe6
16.O-O g5 17.d4 exd3 18.Bxd3 gxh4 19.Re1 Ne4 20.f3 Bc5+ 21.Be3 Bxe3+ 22.Rxe3 Qb6
23.Qe1 f5 24.Kh1 h3 25.gxh3 Be6 26.fxe4 dxe4 27.Bf1 O-O-O 28.Qf2 Rhf8 29.a5 Qd6
30.Bg2 Bc4 31.Ra4 Qd1+ 32.Re1 Qxa4  0-1

[Event "Frankfurt"]
[Site "Frankfurt"]
[Date "1988.??.??"]
[Round "12"]
[White "Szabo, Laszlo2"]
[Black "Mukic, Josko"]
[Result "1/2-1/2"]
[WhiteElo "2250"]
[BlackElo "2420"]

1.e4 c5 2.Nf3 Nc6 3.Nc3 e5 4.Bc4 d6 5.h3 h6 6.Nd5 Nf6 7.d3 Nxd5 8.Bxd5 Be7
9.c3 O-O 10.Be3 Bf6 11.g4 Ne7 12.Bb3 Ng6 13.Qd2 Be6 14.Qc2 Bg5 15.Nxg5  1/2-1/2

[Event "Frunze"]
[Site "Frunze"]
[Date "1988.??.??"]
[Round "?"]
[White "Yurtaev, Leonid"]
[Black "Kiselev, Sergey"]
[Result "1-0"]
[WhiteElo "2485"]
[BlackElo "2420"]

1.e4 c5 2.Nc3 Nc6 3.Nge2 e6 4.d4 d5 5.exd5 exd5 6.dxc5 d4 7.Ne4 Qd5 8.N2g3 Bxc5
9.Nxc5 Qxc5 10.Bd3 Nf6 11.O-O O-O 12.Re1 Bg4 13.Ne4 Nxe4 14.Qxg4 f5 15.Qh5 Qd6
16.f3 Nc5 17.Bc4+ Kh8 18.Bg5 Na4 19.b3 Nb6 20.Bd3 Nd5 21.Qh4 h6 22.Bc4 Kh7
23.Bd2 Qc5 24.Bxh6 gxh6 25.Re6 Nf6 26.Rxf6 Rxf6 27.Qxf6 Rf8 28.b4 Nxb4 29.Bf7 Qb6
30.Bg6+ Kg8 31.Bh7+ Kxh7 32.Qxf8 d3+ 33.Kh1 dxc2 34.Qf7+ Kh8 35.Re1 Qe3 36.Qf8+ Kh7
37.Qxf5+ Kg7 38.Qd7+ Kg6 39.Qd6+ Kf5 40.g4+ Kg5 41.h4+ Kxh4 42.Kg2  1-0

[Event "Dreszer mem"]
[Site "Gdynia"]
[Date "1988.??.??"]
[Round "7"]
[White "Jigjidsuren, Purev"]
[Black "Nicevski, Risto"]
[Result "1/2-1/2"]
[WhiteElo "2395"]
[BlackElo "2380"]

1.e4 c5 2.Ne2 Nc6 3.Nbc3 Nf6 4.g3 d5 5.exd5 Nd4 6.Bg2 Bg4 7.O-O Nxd5 8.f3 Bf5
9.d3 Nb4 10.Nxd4 cxd4 11.Ne4 Rc8 12.Rf2 e6 13.a3 Nd5 14.Bd2 Be7 15.Bf1 O-O
16.Rb1 Qd7 17.Bg2 Rc7 18.Ra1 Rfc8 19.Bc1 Qa4 20.b3 Qd7 21.f4 h6 22.Kh1 Bg6
23.g4 f5 24.Ng3 Ne3 25.Bxe3 dxe3 26.Re2 Qd4 27.gxf5 Bxf5 28.Nxf5 exf5 29.c4 Qxf4
30.Qf1 Qd4 31.Ree1 f4 32.Be4 Bd6 33.Qh3 Qf6 34.Rf1 Rf8 35.Rf3 Re7 36.Re1 Bxa3
37.Rexe3 Bd6 38.Re1 Rff7 39.Rg1 b6 40.Rg6 Rxe4 41.Rxf6 Re1+ 42.Rf1 Rxf1+
43.Qxf1 Rxf6 44.Qf3 a5 45.d4 Kh8 46.Kg2 Bf8 47.Kf2 g6 48.Kf1 h5 49.Kf2 Kh7
50.Qd5 f3 51.c5 bxc5 52.dxc5 Bxc5+ 53.Qxc5 Rf5 54.Qe7+ Kg8 55.h4 Kh8 56.Qe6 Kg7
57.Qe3 Kh7 58.Qa7+ Kg8  1/2-1/2

[Event "BL2-W8788"]
[Site "Germany"]
[Date "1988.??.??"]
[Round "?"]
[White "Rosen, Willy"]
[Black "Mainka, Gregor"]
[Result "0-1"]
[WhiteElo "2265"]
[BlackElo "2260"]

1.e4 c5 2.Nf3 Nc6 3.Nc3 Nf6 4.d4 cxd4 5.Nxd4 Qb6 6.Nb3 e6 7.Bd3 a6 8.O-O Qc7
9.f4 d6 10.Be3 Be7 11.Kh1 b5 12.a3 O-O 13.Rf3 Bb7 14.Rh3 Rfe8 15.e5 dxe5
16.Bxh7+ Kf8 17.Nc5 exf4 18.Bd3 g5 19.Bf2 Bxc5 20.Bxc5+ Kg7 21.Ne4 Rh8 22.Nxf6 Kxf6
23.Bh7 Qe5 24.Qd7 Qxc5 25.Qxb7 Ra7  0-1